Lake Clark-Central Kuskokwim region, Alaska, (Record no. 25841)

MARC details
000 -LEADER
fixed length control field 00837cam a22002291 4500
001 - CONTROL NUMBER
control field gs 18000176
003 - CONTROL NUMBER IDENTIFIER
control field DLC
005 - DATE AND TIME OF LATEST TRANSACTION
control field 20260227111322.0
008 - FIXED-LENGTH DATA ELEMENTS--GENERAL INFORMATION
fixed length control field 770317s1917 dcuabf f000 0 eng c
010 ## - LIBRARY OF CONGRESS CONTROL NUMBER
LC control number gs 18000176
040 ## - CATALOGING SOURCE
Original cataloging agency U.S. Geol. Survey. Library (200)E no. 655
Transcribing agency ak
Modifying agency DLC
043 ## - GEOGRAPHIC AREA CODE
Geographic area code n-us-ak
050 00 - LIBRARY OF CONGRESS CALL NUMBER
Classification number QE75
Item number .B9 no. 655
051 ## - LIBRARY OF CONGRESS COPY, ISSUE, OFFPRINT STATEMENT
Classification number QE84.L3
Item number S6
Copy information Copy 2.
100 1# - MAIN ENTRY--PERSONAL NAME
Personal name Smith, Philip S.
Fuller form of name (Philip Sidney),
Dates associated with a name 1877-1949.
245 10 - TITLE STATEMENT
Title Lake Clark-Central Kuskokwim region, Alaska,
Statement of responsibility, etc. by Philip S. Smith.
260 ## - PUBLICATION, DISTRIBUTION, ETC.
Place of publication, distribution, etc. Washington,
Name of publisher, distributor, etc. Govt. print. off.,
Date of publication, distribution, etc. 1917.
300 ## - PHYSICAL DESCRIPTION
Extent 162 p.
Other physical details illus., XII pl. (incl. fold. maps in pocket) diagrs.
Dimensions 24 cm.
490 0# - SERIES STATEMENT
Series statement United States. Geological survey. Bulletin 655
500 ## - GENERAL NOTE
General note At head of title: Department of the interior.
650 #0 - SUBJECT ADDED ENTRY--TOPICAL TERM
Topical term or geographic name entry element Geology
Geographic subdivision Alaska
-- Kuskokwim River Valley.

No items available.

Powered by Koha